CONTEMPORARY MARKETING, (Record no. 6201)
[ view plain ]
| 000 -LEADER | |
|---|---|
| fixed length control field | 00257nam a22001097a 4500 |
| 008 - FIXED-LENGTH DATA ELEMENTS--GENERAL INFORMATION | |
| fixed length control field | 180522b ||||| |||| 00| 0 eng d |
| 020 ## - INTERNATIONAL STANDARD BOOK NUMBER | |
| Canceled/invalid ISBN | 0-324-236673-5 |
| 082 ## - | |
| Classification number | 658.8 BOO |
| 100 ## - MAIN ENTRY--PERSONAL NAME | |
| Personal name | BOONE, LOUIS E. |
| 245 ## - TITLE STATEMENT | |
| Title | CONTEMPORARY MARKETING, |
| 260 ## - PUBLICATION, DISTRIBUTION, ETC. (IMPRINT) | |
| Date of publication, distribution, etc. | 2006, |
| Withdrawn status | Lost status | Source of classification or shelving scheme | Damaged status | Koha normalized classification for sorting | Not for loan | Home library | Current library | Date acquired | Total Checkouts | Full call number | Barcode | Date last seen | Price effective from | Koha item type |
|---|---|---|---|---|---|---|---|---|---|---|---|---|---|---|
| Dewey Decimal Classification | 658_800000000000000_BOO | Dodoma | Dodoma | 22/05/2018 | 658.8 BOO | 0000000016796 | 29/07/2019 | 22/05/2018 | BOOKS |
